| 000 | 00812nam a22002177a 4500 | ||
|---|---|---|---|
| 005 | 20250805154305.0 | ||
| 010 | _aB-769621-643 BACEN25 ENG-146352 | ||
| 020 |
_a9789357028097 _c295.00 |
||
| 035 | _aB-769621-643 | ||
| 035 | _a EN-129884 | ||
| 037 | _bSunnvik | ||
| 037 | _bDBAD | ||
| 082 |
_21 _a158.4 |
||
| 100 |
_aEdgar, Alison _983786 |
||
| 245 |
_aSmash It!: _bThe Art of Getting What You Want/ _cby Alison Edgar |
||
| 260 |
_aNew Delhi _bRupa Publications _c2025 |
||
| 270 |
_a7/16, Ansari Road, Daryaganj _bNew Delhi _e110002 |
||
| 300 |
_a253p. _c19cm(pb) |
||
| 942 |
_2ddc _cEN _mEDG _e1 _h158.4 |
||
| 999 |
_c209279 _d209279 |
||